| 000 | 00903nam a22003257a 4500 | ||
|---|---|---|---|
| 001 | 0062291 | ||
| 003 | KOHA_MİRAKIL | ||
| 005 | 20260207004404.0 | ||
| 007 | ta | ||
| 008 | 180711b2013 tu |||gr||||#||||0|tur | | ||
| 020 | _a9759261200 | ||
| 040 |
_aTR-BiSEU _btur _cTR-BiSEU _erda |
||
| 041 | 0 | _atur | |
| 044 | _ctu | ||
| 050 |
_aQA551 _b.H33 2013 |
||
| 100 | 1 | _aHacısalihoğlu, H.. | |
| 245 | 1 |
_a2 ve 3 boyutlu uzaylarda analitik geometri / _cH. Hacısalihoğlu ; H.Hacısalihoğlu. |
|
| 250 | _a8. Basım | ||
| 264 | 1 |
_aAnkara : _bHacısalihoğlu _c2013 |
|
| 300 | _a485 sayfa.; 25 cm | ||
| 336 |
_ametin _btxt _2rdacontent |
||
| 337 |
_aaracısız _bn _2rdamedia |
||
| 338 |
_acilt _bnc _2rdacarrier |
||
| 500 | _aKaynakça var. | ||
| 500 | _aDizin var. | ||
| 650 | 0 |
_aGeometri, Analitik. _919413 |
|
| 650 | 0 |
_aGeometry, Analytic. _92026 |
|
| 650 | 0 |
_a _95500 |
|
| 942 |
_2lcc _cBK |
||
| 999 |
_c62087 _d62087 |
||